000 00544nam a22001697a 4500
999 _c18639
_d18639
008 231219b ||||| |||| 00| 0 eng d
020 _a9781071831397
082 _22023
_aDC 361.32
_bG212
100 _aGasker, Janice.
_946896
245 _aGeneralist social work practice /
_cJanice Gasker
250 _aSecond edition.
260 _aCalifornia :
_bSage publications,
_c©2023.
300 _axxiv, 589 pages :
_bcolor illustrations ;
_c25 cm.
500 _aIncludes references and index.
650 _aSocial work.
_928071
942 _2ddc
_cDC